000 00290nam a22001337a 4500
008 170613b xxu||||| |||| 00| 0 eng d
020 _a9789280810936
041 _aeng
080 _a32
100 _a19
101 _aSHP
245 _aSOUTH ASIA IN THE WORLD
_cTHAKUR,R
942 _2udc
_cBK
999 _c17140
_d17140